Religious Activities in the Public Schools and the First Amendment : Judicial Decisions and the Congressional Response.

Summarizes Federal and State court decisions concerning the constitutionality of various religious activities in public schools, colleges, and universities, 1965-84. Also reviews efforts in the 89th-98th Congresses to overturn or limit some of these decisions, particularly the Supreme Court's s...

Full description

Bibliographic Details
Corporate Authors: Library of Congress. Congressional Research Service, ProQuest (Firm)
Format: eBook
Language:English
Published: [Place of publication not identified] : [publisher not identified], 1984.
Series:U.S. Congressional Research.
Subjects:
Online Access:Connect to the full text of this electronic book

MARC

Tag First Indicator Second Indicator Subfields
LEADER 00000cam a22000001a 4500
001 in00003366721
006 m d f
007 cr bn mmmapmmp
008 100614s1984 dcu o f000 0 eng d
005 20260430213143.7
035 |a cis2007879137 
040 |a ProQuest  |c ProQuest  |d UtOrBLW 
043 |a n-us--- 
099 |a CRS-1984-AML-0009 
110 2 |a Library of Congress.  |b Congressional Research Service. 
245 1 0 |a Religious Activities in the Public Schools and the First Amendment :  |b Judicial Decisions and the Congressional Response. 
264 1 |a [Place of publication not identified] :  |b [publisher not identified],  |c 1984. 
300 |a 1 online resource. 
336 |a text  |b txt  |2 rdacontent 
337 |a computer  |b c  |2 rdamedia 
338 |a online resource  |b cr  |2 rdacarrier 
500 |a Record is based on bibliographic data in ProQuest U.S. Congressional Research Digital Collection (last viewed June 2010). Reuse except for individual research requires license from ProQuest, LLC. 
500 |a CRS Report. 
520 |a Summarizes Federal and State court decisions concerning the constitutionality of various religious activities in public schools, colleges, and universities, 1965-84. Also reviews efforts in the 89th-98th Congresses to overturn or limit some of these decisions, particularly the Supreme Court's school prayer decisions. Includes bibliography. 
500 |a Electronic resource. 
650 0 |a Judge-made law. 
650 0 |a Church and state. 
650 0 |a Public schools. 
655 7 |a Electronic books.  |2 local 
710 2 |a ProQuest (Firm) 
776 0 8 |i Microfiche version:   |a Library of Congress. Congressional Research Service.  |t Religious Activities in the Public Schools and the First Amendment 
830 0 |a U.S. Congressional Research. 
856 4 0 |u http://proxy.library.tamu.edu/login?url=https://congressional.proquest.com/congcomp/getdoc?CRDC-ID=CRS-1984-AML-0009  |z Connect to the full text of this electronic book  |t 0 
999 |a MARS 
999 f f |s 7be03fa1-a4d9-3bdb-81b6-54dc93efc7f5  |i c23b0716-9850-3ce6-8850-88085d2fa299  |t 0 
952 f f |a Texas A&M University  |b College Station  |c Electronic Resources  |s www_evans  |d Available Online  |t 0  |e CRS-1984-AML-0009  |h Other scheme 
998 f f |a CRS-1984-AML-0009  |t 0  |l Available Online